000 00210nam a2200097Ia 4500
008 240331s9999 xx 000 0 und d
082 _bROD
100 _aRodda, A
245 0 _aWomen and theenvironment
942 _cL
999 _c1479
_d1479